[Event "European Clubs Cup"]
[Site "chess24.com"]
[Date "2018.10.12"]
[Round "1"]
[White "Yu, Yangyi"]
[Black "Beerdsen, Thomas"]
[Result "1-0"]
[Board "1"]
[WhiteElo "2765"]
[WhiteTitle "GM"]
[WhiteCountry "CHN"]
[WhiteFideId "8603820"]
[WhiteEloChange "1"]
[BlackElo "2460"]
[BlackTitle "IM"]
[BlackCountry "NED"]
[BlackFideId "1030108"]
[BlackEloChange "-1"]

1. d4 {[%clk 1:30:57]} Nf6 {[%clk 1:30:50]} 2. c4 {[%clk 1:31:11]} e6 {[%clk
1:31:15]} 3. g3 {[%clk 1:31:33]} d5 {[%clk 1:29:03]} 4. Bg2 {[%clk 1:31:52]} Bb4+
{[%clk 1:28:25]} 5. Nd2 {[%clk 1:30:57]} O-O {[%clk 1:27:29]} 6. Nf3 {[%clk
1:30:53]} Nbd7 {[%clk 1:21:09]} 7. O-O {[%clk 1:31:10]} b6 {[%clk 1:18:52]} 8. b3
{[%clk 1:28:14]} Bb7 {[%clk 1:16:54]} 9. Bb2 {[%clk 1:28:37]} Ne4 {[%clk
1:12:31]} 10. Qc2 {[%clk 1:25:34]} f5 {[%clk 1:05:14]} 11. e3 {[%clk 1:19:05]} a5
{[%clk 0:56:52]} 12. a3 {[%clk 1:15:11]} Bd6 {[%clk 0:52:25]} 13. Ne5 {[%clk
1:07:44]} Bxe5 {[%clk 0:43:44]} 14. dxe5 {[%clk 1:06:58]} Nxd2 {[%clk 0:43:17]}
15. Qxd2 {[%clk 1:06:44]} Nc5 {[%clk 0:43:31]} 16. Qc2 {[%clk 1:02:03]} Ne4
{[%clk 0:39:08]} 17. f3 {[%clk 0:56:51]} Ng5 {[%clk 0:38:51]} 18. c5 {[%clk
0:54:01]} b5 {[%clk 0:34:56]} 19. c6 {[%clk 0:51:09]} Ba6 {[%clk 0:35:16]} 20.
Rfc1 {[%clk 0:49:05]} Qe8 {[%clk 0:34:04]} 21. h4 {[%clk 0:47:15]} Nf7 {[%clk
0:31:14]} 22. Bd4 {[%clk 0:46:34]} a4 {[%clk 0:28:50]} 23. b4 {[%clk 0:44:24]}
Nd8 {[%clk 0:28:36]} 24. Bf1 {[%clk 0:42:51]} Qh5 {[%clk 0:25:57]} 25. Be2 {[%clk
0:41:19]} Nf7 {[%clk 0:25:10]} 26. Kg2 {[%clk 0:40:30]} Rfb8 {[%clk 0:24:28]} 27.
Ra2 {[%clk 0:37:01]} Nd8 {[%clk 0:24:13]} 28. Qd1 {[%clk 0:36:24]} Qe8 {[%clk
0:23:27]} 29. Rac2 {[%clk 0:36:47]} Bc8 {[%clk 0:21:13]} 30. Qf1 {[%clk 0:36:46]}
Ba6 {[%clk 0:21:37]} 31. Bd3 {[%clk 0:36:44]} Qh5 {[%clk 0:20:59]} 32. Qe2 {[%clk
0:36:36]} 1-0

[Event "European Clubs Cup"]
[Site "chess24.com"]
[Date "2018.10.12"]
[Round "1"]
[White "Goganov, Aleksey"]
[Black "Ledger, Stephen C"]
[Result "1-0"]
[Board "6"]
[WhiteElo "2592"]
[WhiteTitle "GM"]
[WhiteCountry "RUS"]
[WhiteFideId "24109959"]
[WhiteEloChange "1"]
[BlackElo "2020"]
[BlackCountry "ENG"]
[BlackFideId "404470"]
[BlackEloChange "-2"]

1. d4 {[%clk 1:30:57]} Nf6 {[%clk 1:30:50]} 2. c4 {[%clk 1:31:21]} c5 {[%clk
1:30:58]} 3. d5 {[%clk 1:31:46]} b5 {[%clk 1:30:48]} 4. cxb5 {[%clk 1:32:10]} a6
{[%clk 1:31:06]} 5. bxa6 {[%clk 1:32:35]} Bxa6 {[%clk 1:31:05]} 6. Nc3 {[%clk
1:32:56]} g6 {[%clk 1:30:39]} 7. e4 {[%clk 1:33:08]} Bxf1 {[%clk 1:30:45]} 8.
Kxf1 {[%clk 1:33:28]} d6 {[%clk 1:30:16]} 9. g3 {[%clk 1:33:48]} Bg7 {[%clk
1:29:32]} 10. Kg2 {[%clk 1:34:08]} O-O {[%clk 1:28:19]} 11. Nf3 {[%clk 1:34:29]}
Nbd7 {[%clk 1:27:38]} 12. a4 {[%clk 1:34:51]} Qb6 {[%clk 1:23:50]} 13. Ra3 {[%clk
1:32:28]} Rfb8 {[%clk 1:20:02]} 14. Qc2 {[%clk 1:29:24]} Ne8 {[%clk 1:13:12]} 15.
h4 {[%clk 1:26:58]} h6 {[%clk 1:04:16]} 16. Nb5 {[%clk 1:25:07]} Nc7 {[%clk
1:00:28]} 17. Nxc7 {[%clk 1:25:24]} Qxc7 {[%clk 1:00:48]} 18. b3 {[%clk 1:25:12]}
Qb7 {[%clk 0:54:45]} 19. Bd2 {[%clk 1:24:53]} e6 {[%clk 0:49:02]} 20. dxe6 {[%clk
1:24:28]} fxe6 {[%clk 0:49:07]} 21. Re1 {[%clk 1:15:58]} Rf8 {[%clk 0:40:40]} 22.
Qd3 {[%clk 1:12:52]} Qc6 {[%clk 0:36:32]} 23. Bf4 {[%clk 1:05:28]} d5 {[%clk
0:28:05]} 24. exd5 {[%clk 1:03:32]} exd5 {[%clk 0:28:01]} 25. Ra2 {[%clk
1:03:48]} Rae8 {[%clk 0:22:16]} 26. Rae2 {[%clk 0:56:51]} Rxe2 {[%clk 0:18:35]}
27. Qxe2 {[%clk 0:56:09]} d4 {[%clk 0:14:25]} 28. Qe6+ {[%clk 0:55:49]} Qxe6
{[%clk 0:14:38]} 29. Rxe6 {[%clk 0:56:13]} Rf6 {[%clk 0:10:23]} 30. Rxf6 {[%clk
0:56:37]} Nxf6 {[%clk 0:09:50]} 31. a5 {[%clk 0:56:11]} Nd5 {[%clk 0:08:28]} 32.
a6 {[%clk 0:55:42]} d3 {[%clk 0:03:30]} 33. a7 {[%clk 0:55:54]} Nb6 {[%clk
0:03:45]} 34. Bd6 {[%clk 0:55:53]} Bf8 {[%clk 0:03:11]} 35. Bxf8 {[%clk 0:56:17]}
Kxf8 {[%clk 0:03:33]} 36. Ne5 {[%clk 0:56:29]} d2 {[%clk 0:02:52]} 37. Nd7+
{[%clk 0:56:47]} Ke7 {[%clk 0:02:34]} 38. Nxb6 {[%clk 0:57:10]} d1Q {[%clk
0:02:49]} 39. a8Q {[%clk 0:57:10]} 1-0

[Event "European Clubs Cup"]
[Site "chess24.com"]
[Date "2018.10.12"]
[Round "1"]
[White "Nikolic, Milos"]
[Black "Mikhalevski, Victor"]
[Result "0-1"]
[Board "5"]
[WhiteElo "2279"]
[WhiteTitle "FM"]
[WhiteCountry "SRB"]
[WhiteFideId "929387"]
[WhiteEloChange "-3"]
[BlackElo "2565"]
[BlackTitle "GM"]
[BlackCountry "ISR"]
[BlackFideId "2801914"]
[BlackEloChange "2"]

1. e4 {[%clk 1:30:57]} e5 {[%clk 1:30:44]} 2. Nf3 {[%clk 1:31:17]} Nc6 {[%clk
1:31:00]} 3. Bb5 {[%clk 1:31:32]} g6 {[%clk 1:31:18]} 4. d4 {[%clk 1:27:20]} exd4
{[%clk 1:31:37]} 5. Bg5 {[%clk 1:27:03]} Be7 {[%clk 1:32:02]} 6. Bf4 {[%clk
1:26:42]} a6 {[%clk 1:12:35]} 7. Bxc6 {[%clk 1:17:11]} dxc6 {[%clk 1:11:41]} 8.
Qxd4 {[%clk 1:17:33]} Nf6 {[%clk 1:11:58]} 9. Nc3 {[%clk 1:14:14]} O-O {[%clk
1:07:31]} 10. O-O-O {[%clk 1:13:01]} Qxd4 {[%clk 1:02:20]} 11. Nxd4 {[%clk
1:11:54]} Ne8 {[%clk 1:02:24]} 12. h4 {[%clk 0:47:04]} h5 {[%clk 1:00:02]} 13. e5
{[%clk 0:46:13]} f6 {[%clk 0:55:52]} 14. Ne4 {[%clk 0:36:49]} fxe5 {[%clk
0:53:14]} 15. Bxe5 {[%clk 0:37:12]} c5 {[%clk 0:53:38]} 16. Ne2 {[%clk 0:34:17]}
Bf5 {[%clk 0:52:26]} 17. N2g3 {[%clk 0:33:41]} Be6 {[%clk 0:51:44]} 18. f3 {[%clk
0:32:22]} a5 {[%clk 0:40:37]} 19. a3 {[%clk 0:29:56]} Ra6 {[%clk 0:35:20]} 20.
Ng5 {[%clk 0:29:35]} Bc8 {[%clk 0:35:27]} 21. N3e4 {[%clk 0:28:52]} Rc6 {[%clk
0:35:04]} 22. Rhe1 {[%clk 0:13:12]} Ng7 {[%clk 0:34:02]} 23. Nc3 {[%clk 0:12:18]}
Nf5 {[%clk 0:32:44]} 24. Nd5 {[%clk 0:12:32]} Bd8 {[%clk 0:32:58]} 25. g3 {[%clk
0:12:05]} b5 {[%clk 0:23:26]} 26. b3 {[%clk 0:08:40]} Bb7 {[%clk 0:12:00]} 27.
Kb2 {[%clk 0:04:34]} Nh6 {[%clk 0:03:52]} 28. Nf4 {[%clk 0:02:31]} Bc8 {[%clk
0:03:54]} 29. c4 {[%clk 0:02:21]} bxc4 {[%clk 0:02:57]} 30. bxc4 {[%clk 0:02:50]}
Nf7 {[%clk 0:01:40]} 31. Nxf7 {[%clk 0:02:34]} Kxf7 {[%clk 0:02:08]} 32. Nd5
{[%clk 0:01:26]} a4 {[%clk 0:02:22]} 33. Kc3 {[%clk 0:01:25]} Re8 {[%clk
0:01:07]} 34. Bf4 {[%clk 0:01:31]} Rxe1 {[%clk 0:01:24]} 35. Rxe1 {[%clk
0:02:00]} Be6 {[%clk 0:01:34]} 36. Bg5 {[%clk 0:02:22]} Bxg5 {[%clk 0:01:04]} 37.
hxg5 {[%clk 0:02:51]} Bxd5 {[%clk 0:01:25]} 38. cxd5 {[%clk 0:03:07]} Rb6 {[%clk
0:01:54]} 39. Kc4 {[%clk 0:01:36]} Rb3 {[%clk 0:02:20]} 40. Kxc5 {[%clk 0:31:26]}
Rxa3 {[%clk 0:31:25]} 41. Kc6 {[%clk 0:30:48]} Rd3 {[%clk 0:28:12]} 42. f4 {[%clk
0:19:24]} a3 {[%clk 0:27:06]} 43. Re2 {[%clk 0:18:26]} Kf8 {[%clk 0:24:01]} 44.
Ra2 {[%clk 0:09:37]} Ke7 {[%clk 0:23:46]} 45. Re2+ {[%clk 0:08:11]} Kd8 {[%clk
0:23:29]} 46. Rc2 {[%clk 0:07:53]} Rb3 {[%clk 0:11:04]} 47. Kc5 {[%clk 0:06:12]}
Kd7 {[%clk 0:11:03]} 48. Kd4 {[%clk 0:04:45]} Rb2 {[%clk 0:06:09]} 49. Rc3 {[%clk
0:04:43]} Rb4+ {[%clk 0:06:31]} 50. Ke5 {[%clk 0:04:29]} Ra4 {[%clk 0:06:52]} 51.
Rc1 {[%clk 0:04:29]} a2 {[%clk 0:06:52]} 52. Ra1 {[%clk 0:04:57]} Ke7 {[%clk
0:06:32]} 53. f5 {[%clk 0:05:00]} gxf5 {[%clk 0:01:01]} 54. Kxf5 {[%clk 0:04:42]}
Kf7 {[%clk 0:01:29]} 55. g6+ {[%clk 0:04:38]} Kg7 {[%clk 0:01:58]} 56. Kg5 {[%clk
0:05:01]} Ra5 {[%clk 0:01:29]} 57. Kxh5 {[%clk 0:04:08]} Rxd5+ {[%clk 0:01:58]}
58. Kg4 {[%clk 0:04:31]} Ra5 {[%clk 0:02:24]} 59. Kf3 {[%clk 0:04:15]} Kxg6
{[%clk 0:02:53]} 60. Ke3 {[%clk 0:04:24]} Kg5 {[%clk 0:03:22]} 61. Kd3 {[%clk
0:04:43]} Kg4 {[%clk 0:03:46]} 62. Kc3 {[%clk 0:02:16]} Kxg3 {[%clk 0:04:11]} 63.
Kb4 {[%clk 0:01:40]} Ra7 {[%clk 0:04:27]} 64. Kc3 {[%clk 0:01:22]} Kf2 {[%clk
0:04:52]} 65. Kd2 {[%clk 0:00:54]} Ra3 {[%clk 0:05:08]} 66. Kc2 {[%clk 0:01:07]}
Ke2 {[%clk 0:05:32]} 67. Kb2 {[%clk 0:01:28]} Ra6 {[%clk 0:05:48]} 68. Kc3 {[%clk
0:01:51]} c6 {[%clk 0:01:33]} 69. Kc2 {[%clk 0:01:48]} Ra8 {[%clk 0:01:16]} 70.
Kc3 {[%clk 0:02:00]} Ra7 {[%clk 0:01:43]} 71. Kc2 {[%clk 0:02:15]} Ke3 {[%clk
0:01:10]} 72. Kc3 {[%clk 0:02:30]} Ke4 {[%clk 0:01:35]} 73. Kc4 {[%clk 0:02:36]}
Ra6 {[%clk 0:01:53]} 74. Re1+ {[%clk 0:02:58]} Kf5 {[%clk 0:01:41]} 75. Ra1
{[%clk 0:03:26]} Ke6 {[%clk 0:02:00]} 76. Kc5 {[%clk 0:02:31]} Kd7 {[%clk
0:02:26]} 77. Rd1+ {[%clk 0:02:52]} Kc7 {[%clk 0:02:52]} 78. Ra1 {[%clk 0:03:18]}
Ra4 {[%clk 0:03:06]} 79. Rg1 {[%clk 0:00:37]} Ra5+ {[%clk 0:03:32]} 80. Kb4
{[%clk 0:00:57]} a1Q {[%clk 0:03:59]} 0-1

[Event "European Clubs Cup"]
[Site "chess24.com"]
[Date "2018.10.12"]
[Round "1"]
[White "Gayson, Peter M"]
[Black "Naumann, Alexander"]
[Result "0-1"]
[Board "3"]
[WhiteElo "2150"]
[WhiteCountry "ENG"]
[WhiteFideId "401838"]
[WhiteEloChange "-2"]
[BlackElo "2546"]
[BlackTitle "GM"]
[BlackCountry "GER"]
[BlackFideId "4623169"]
[BlackEloChange "1"]

1. e4 {[%clk 1:27:16]} e6 {[%clk 1:30:51]} 2. d4 {[%clk 1:27:37]} d5 {[%clk
1:31:15]} 3. Nd2 {[%clk 1:27:27]} c5 {[%clk 1:31:38]} 4. Ngf3 {[%clk 1:27:26]}
cxd4 {[%clk 1:31:59]} 5. exd5 {[%clk 1:27:18]} Qxd5 {[%clk 1:32:21]} 6. Bc4
{[%clk 1:27:20]} Qd6 {[%clk 1:32:44]} 7. O-O {[%clk 1:26:52]} Nf6 {[%clk
1:33:07]} 8. Nb3 {[%clk 1:26:35]} Nc6 {[%clk 1:33:26]} 9. Nbxd4 {[%clk 1:26:04]}
Nxd4 {[%clk 1:33:48]} 10. Nxd4 {[%clk 1:22:22]} a6 {[%clk 1:34:11]} 11. Re1
{[%clk 1:17:39]} Qc7 {[%clk 1:34:26]} 12. Bd3 {[%clk 1:16:21]} Bd6 {[%clk
1:19:59]} 13. h3 {[%clk 1:13:02]} O-O {[%clk 1:19:41]} 14. Bg5 {[%clk 1:05:47]}
Nd5 {[%clk 1:15:11]} 15. Qh5 {[%clk 0:54:51]} g6 {[%clk 1:15:01]} 16. Qf3 {[%clk
0:46:22]} Bh2+ {[%clk 1:09:48]} 17. Kh1 {[%clk 0:39:14]} Bf4 {[%clk 1:09:24]} 18.
Bxf4 {[%clk 0:36:17]} Nxf4 {[%clk 1:09:26]} 19. Rad1 {[%clk 0:26:17]} e5 {[%clk
0:57:04]} 20. Ne2 {[%clk 0:14:02]} Nxd3 {[%clk 0:52:07]} 21. Qxd3 {[%clk
0:11:30]} Bf5 {[%clk 0:51:12]} 22. Qc3 {[%clk 0:11:33]} Rac8 {[%clk 0:43:44]} 23.
Qxc7 {[%clk 0:09:45]} Rxc7 {[%clk 0:44:12]} 24. c3 {[%clk 0:09:34]} Rd7 {[%clk
0:39:55]} 25. Ng3 {[%clk 0:06:32]} Rxd1 {[%clk 0:40:10]} 26. Rxd1 {[%clk
0:06:56]} Be6 {[%clk 0:40:35]} 27. a3 {[%clk 0:05:19]} f5 {[%clk 0:38:52]} 28.
Rd6 {[%clk 0:04:31]} Kf7 {[%clk 0:37:45]} 29. Kg1 {[%clk 0:02:24]} Ke7 {[%clk
0:37:52]} 30. Rd2 {[%clk 0:02:29]} Bd7 {[%clk 0:36:00]} 31. Ne2 {[%clk 0:02:22]}
g5 {[%clk 0:33:41]} 32. f3 {[%clk 0:01:51]} Bc6 {[%clk 0:33:53]} 33. Kf2 {[%clk
0:01:53]} h5 {[%clk 0:33:50]} 34. c4 {[%clk 0:01:35]} g4 {[%clk 0:30:32]} 35. Nc3
{[%clk 0:01:42]} gxf3 {[%clk 0:27:53]} 36. gxf3 {[%clk 0:02:03]} Rc8 {[%clk
0:22:40]} 37. b4 {[%clk 0:00:57]} b6 {[%clk 0:22:28]} 38. Ke2 {[%clk 0:01:11]} h4
{[%clk 0:19:44]} 39. Nd5+ {[%clk 0:00:59]} Bxd5 {[%clk 0:17:55]} 40. Rxd5 {[%clk
0:31:03]} Ke6 {[%clk 0:46:28]} 41. f4 {[%clk 0:19:44]} exf4 {[%clk 0:44:42]} 42.
Rd4 {[%clk 0:17:41]} Ke5 {[%clk 0:43:58]} 43. Rd5+ {[%clk 0:12:14]} Ke4 {[%clk
0:43:47]} 44. Rd6 {[%clk 0:12:28]} f3+ {[%clk 0:41:59]} 45. Kf1 {[%clk 0:10:07]}
Rxc4 {[%clk 0:23:52]} 46. Rxb6 {[%clk 0:08:56]} Rc1+ {[%clk 0:24:08]} 47. Kf2
{[%clk 0:09:20]} Rh1 {[%clk 0:21:45]} 48. Rxa6 {[%clk 0:07:11]} Rxh3 {[%clk
0:21:45]} 49. b5 {[%clk 0:03:51]} Rh2+ {[%clk 0:21:59]} 50. Kf1 {[%clk 0:04:11]}
Ra2 {[%clk 0:15:47]} 51. Re6+ {[%clk 0:01:13]} Kf4 {[%clk 0:16:06]} 52. b6 {[%clk
0:00:58]} Rxa3 {[%clk 0:11:05]} 53. b7 {[%clk 0:01:19]} Rb3 {[%clk 0:11:17]} 54.
Re7 {[%clk 0:01:31]} h3 {[%clk 0:10:52]} 55. Rh7 {[%clk 0:01:39]} h2 {[%clk
0:08:58]} 56. Rxh2 {[%clk 0:00:57]} Kg3 {[%clk 0:08:51]} 57. b8Q+ {[%clk
0:00:37]} Rxb8 {[%clk 0:09:12]} 0-1

[Event "European Clubs Cup"]
[Site "chess24.com"]
[Date "2018.10.12"]
[Round "1"]
[White "Thorfinnsson, Bjorn"]
[Black "Donchenko, Alexander"]
[Result "1/2-1/2"]
[Board "1"]
[WhiteElo "2414"]
[WhiteTitle "IM"]
[WhiteCountry "ISL"]
[WhiteFideId "2300982"]
[WhiteEloChange "3"]
[BlackElo "2610"]
[BlackTitle "GM"]
[BlackCountry "GER"]
[BlackFideId "24603295"]
[BlackEloChange "-3"]

1. c4 {[%clk 1:30:57]} c5 {[%clk 1:30:29]} 2. g3 {[%clk 1:31:20]} Nc6 {[%clk
1:30:34]} 3. Bg2 {[%clk 1:31:39]} g6 {[%clk 1:30:53]} 4. Nf3 {[%clk 1:31:54]} Bg7
{[%clk 1:31:07]} 5. O-O {[%clk 1:32:14]} Nh6 {[%clk 1:28:32]} 6. Nc3 {[%clk
1:26:45]} Nf5 {[%clk 1:28:31]} 7. b3 {[%clk 1:25:45]} e6 {[%clk 1:16:49]} 8. Bb2
{[%clk 1:25:41]} d5 {[%clk 1:16:14]} 9. Na4 {[%clk 1:25:50]} Bxb2 {[%clk
1:15:31]} 10. Nxb2 {[%clk 1:26:13]} O-O {[%clk 1:13:35]} 11. cxd5 {[%clk
1:25:28]} exd5 {[%clk 1:12:38]} 12. Rc1 {[%clk 1:24:47]} Qf6 {[%clk 1:07:05]} 13.
d4 {[%clk 1:10:37]} cxd4 {[%clk 0:53:23]} 14. Qd2 {[%clk 1:10:58]} Nd6 {[%clk
0:48:48]} 15. Na4 {[%clk 1:07:20]} Re8 {[%clk 0:45:20]} 16. Rfd1 {[%clk 1:05:06]}
Ne4 {[%clk 0:42:04]} 17. Qf4 {[%clk 1:02:47]} Qg7 {[%clk 0:41:57]} 18. Ng5 {[%clk
0:55:12]} Nxg5 {[%clk 0:39:05]} 19. Qxg5 {[%clk 0:55:37]} Rxe2 {[%clk 0:39:18]}
20. Qxd5 {[%clk 0:55:41]} Qf6 {[%clk 0:31:55]} 21. Qf3 {[%clk 0:51:25]} Qxf3
{[%clk 0:29:26]} 22. Bxf3 {[%clk 0:51:50]} Rxa2 {[%clk 0:29:50]} 23. Nc5 {[%clk
0:51:05]} Ne5 {[%clk 0:29:18]} 24. Bxb7 {[%clk 0:46:07]} Bxb7 {[%clk 0:29:42]}
25. Nxb7 {[%clk 0:46:32]} d3 {[%clk 0:27:29]} 26. Rc5 {[%clk 0:35:34]} Ng4 {[%clk
0:18:47]} 27. Rxd3 {[%clk 0:33:41]} Nxf2 {[%clk 0:19:11]} 28. Rdc3 {[%clk
0:31:21]} Ne4 {[%clk 0:18:36]} 29. Rc8+ {[%clk 0:31:13]} Rxc8 {[%clk 0:19:04]}
30. Rxc8+ {[%clk 0:31:34]} Kg7 {[%clk 0:19:30]} 31. Rc7 {[%clk 0:29:25]} Ng5
{[%clk 0:12:35]} 32. h4 {[%clk 0:29:25]} Nf3+ {[%clk 0:12:16]} 33. Kf1 {[%clk
0:27:59]} Kf6 {[%clk 0:07:32]} 34. b4 {[%clk 0:25:12]} Kf5 {[%clk 0:06:19]} 35.
Rxf7+ {[%clk 0:22:14]} Kg4 {[%clk 0:06:46]} 36. Nc5 {[%clk 0:22:05]} Nd2+ {[%clk
0:04:46]} 37. Ke2 {[%clk 0:21:11]} Kxg3 {[%clk 0:00:48]} 38. Rxh7 {[%clk
0:18:36]} Nf3+ {[%clk 0:01:16]} 39. Ke3 {[%clk 0:18:52]} Ra3+ {[%clk 0:01:13]}
40. Ke2 {[%clk 0:49:06]} Ra2+ {[%clk 0:31:00]} 41. Ke3 {[%clk 0:49:30]} Ra3+
{[%clk 0:29:24]} 42. Ke2 {[%clk 0:49:52]} Kg4 {[%clk 0:29:30]} 43. Kd1 {[%clk
0:46:41]} Nxh4 {[%clk 0:28:33]} 44. Kc2 {[%clk 0:47:05]} g5 {[%clk 0:24:00]} 45.
Kb2 {[%clk 0:47:26]} Re3 {[%clk 0:24:19]} 46. Rxa7 {[%clk 0:47:29]} Nf5 {[%clk
0:24:37]} 47. b5 {[%clk 0:47:00]} Re5 {[%clk 0:24:30]} 48. Ra4+ {[%clk 0:44:07]}
Kh5 {[%clk 0:21:05]} 49. Ne4 {[%clk 0:44:27]} Rxb5+ {[%clk 0:21:30]} 50. Kc3
{[%clk 0:44:51]} Rb1 {[%clk 0:19:59]} 51. Ra5 {[%clk 0:44:06]} Rf1 {[%clk
0:20:08]} 52. Kd3 {[%clk 0:41:52]} Kh4 {[%clk 0:20:08]} 53. Nxg5 {[%clk 0:41:49]}
Kxg5 {[%clk 0:20:35]} 54. Ra8 {[%clk 0:42:04]} Kf4 {[%clk 0:20:30]} 55. Rf8
{[%clk 0:42:13]} Rd1+ {[%clk 0:20:12]} 56. Kc4 {[%clk 0:42:30]} Rd7 {[%clk
0:20:23]} 57. Kc3 {[%clk 0:42:25]} Ke4 {[%clk 0:20:31]} 58. Re8+ {[%clk 0:42:23]}
Ne7 {[%clk 0:20:59]} 59. Kc4 {[%clk 0:42:00]} Rc7+ {[%clk 0:21:19]} 60. Kb3
{[%clk 0:42:22]} Kd4 {[%clk 0:21:33]} 61. Rd8+ {[%clk 0:42:12]} Nd5 {[%clk
0:21:58]} 62. Kb2 {[%clk 0:42:24]} Rc5 {[%clk 0:20:40]} 63. Rd7 {[%clk 0:41:22]}
Kd3 {[%clk 0:20:32]} 64. Rd8 {[%clk 0:41:10]} Ra5 {[%clk 0:18:25]} 65. Rb8 {[%clk
0:39:25]} Rc5 {[%clk 0:15:06]} 66. Rd8 {[%clk 0:39:40]} Kc4 {[%clk 0:09:58]} 67.
Rh8 {[%clk 0:39:14]} Ne3 {[%clk 0:09:49]} 68. Rh4+ {[%clk 0:38:19]} Kd3 {[%clk
0:10:17]} 69. Rh3 {[%clk 0:38:34]} Rb5+ {[%clk 0:10:19]} 70. Ka3 {[%clk 0:38:04]}
Rb8 {[%clk 0:10:40]} 71. Ka4 {[%clk 0:38:11]} Kc4 {[%clk 0:09:59]} 72. Rh4+
{[%clk 0:37:56]} Kc5 {[%clk 0:10:27]} 73. Rh5+ {[%clk 0:38:02]} Nd5 {[%clk
0:10:50]} 74. Ka3 {[%clk 0:38:23]} Rb1 {[%clk 0:10:13]} 75. Rg5 {[%clk 0:37:15]}
Kc4 {[%clk 0:07:48]} 76. Rg4+ {[%clk 0:37:09]} Kd3 {[%clk 0:08:16]} 77. Rg3+
{[%clk 0:36:35]} Ne3 {[%clk 0:08:43]} 78. Rh3 {[%clk 0:35:59]} Kd4 {[%clk
0:09:11]} 79. Ka4 {[%clk 0:34:36]} Nf5 {[%clk 0:08:24]} 80. Rh8 {[%clk 0:34:27]}
Nd6 {[%clk 0:07:23]} 81. Rh4+ {[%clk 0:33:33]} Ne4 {[%clk 0:07:51]} 82. Ka5
{[%clk 0:33:31]} Rb2 {[%clk 0:07:13]} 83. Ka6 {[%clk 0:31:59]} Rb8 {[%clk
0:04:19]} 84. Ka5 {[%clk 0:32:11]} Kc5 {[%clk 0:04:30]} 85. Rh5+ {[%clk 0:32:26]}
Kc4 {[%clk 0:04:57]} 86. Rh4 {[%clk 0:32:36]} Re8 {[%clk 0:05:25]} 87. Rh1 {[%clk
0:31:41]} Re6 {[%clk 0:04:28]} 88. Rh4 {[%clk 0:31:27]} Re8 {[%clk 0:03:32]} 89.
Rh1 {[%clk 0:31:49]} Re5+ {[%clk 0:03:06]} 90. Kb6 {[%clk 0:31:50]} Nc3 {[%clk
0:03:12]} 91. Rh6 {[%clk 0:31:00]} Nb5 {[%clk 0:03:14]} 92. Rc6+ {[%clk 0:30:35]}
Kb4 {[%clk 0:03:40]} 93. Rh6 {[%clk 0:30:46]} Nd4 {[%clk 0:03:35]} 94. Rh4 {[%clk
0:29:04]} Re6+ {[%clk 0:04:02]} 95. Kc7 {[%clk 0:29:23]} Kc4 {[%clk 0:04:27]} 96.
Kd7 {[%clk 0:29:22]} Rf6 {[%clk 0:04:46]} 97. Rh1 {[%clk 0:28:53]} Kd5 {[%clk
0:04:51]} 98. Rd1 {[%clk 0:28:50]} Rf7+ {[%clk 0:04:45]} 99. Ke8 {[%clk 0:29:12]}
Ra7 {[%clk 0:05:07]} 100. Kf8 {[%clk 0:29:24]} Ke5 {[%clk 0:05:26]} 101. Re1+
{[%clk 0:29:11]} Kf6 {[%clk 0:05:22]} 102. Rf1+ {[%clk 0:29:33]} Nf5 {[%clk
0:05:47]} 103. Ke8 {[%clk 0:29:51]} Rf7 {[%clk 0:05:56]} 104. Rxf5+ {[%clk
0:30:12]} Kxf5 {[%clk 0:06:22]} 105. Kxf7 {[%clk 0:30:12]} 1/2-1/2

[Event "European Clubs Cup"]
[Site "chess24.com"]
[Date "2018.10.12"]
[Round "1"]
[White "Drent, Sjoerd"]
[Black "Nordquelle, Daniel"]
[Result "1-0"]
[Board "5"]
[WhiteElo "2001"]
[WhiteCountry "NED"]
[WhiteFideId "1021230"]
[WhiteEloChange "16"]
[BlackElo "2235"]
[BlackTitle "FM"]
[BlackCountry "NOR"]
[BlackFideId "1519042"]
[BlackEloChange "-16"]

1. e4 {[%clk 1:30:30]} e6 {[%clk 1:30:30]} 2. d4 {[%clk 1:30:30]} d5 {[%clk
1:30:30]} 3. Nc3 {[%clk 1:30:30]} Bb4 {[%clk 1:30:30]} 4. Ne2 {[%clk 1:30:30]}
Nc6 {[%clk 1:30:30]} 5. a3 {[%clk 1:30:30]} Ba5 {[%clk 1:30:30]} 6. Be3 {[%clk
1:30:30]} Nge7 {[%clk 1:30:30]} 7. Qd3 {[%clk 1:30:30]} O-O {[%clk 1:30:30]} 8.
O-O-O {[%clk 1:30:30]} a6 {[%clk 1:30:30]} 9. g4 {[%clk 1:30:30]} b5 {[%clk
1:30:30]} 10. Bg2 {[%clk 1:30:30]} b4 {[%clk 1:30:30]} 11. Na4 {[%clk 1:30:30]}
bxa3 {[%clk 1:30:30]} 12. bxa3 {[%clk 1:30:30]} Ng6 {[%clk 1:30:30]} 13. h4
{[%clk 1:30:30]} Nxh4 {[%clk 1:30:30]} 14. exd5 {[%clk 1:30:30]} exd5 {[%clk
1:30:30]} 15. Rxh4 {[%clk 1:30:30]} Qxh4 {[%clk 1:30:30]} 16. Rh1 {[%clk
1:30:30]} Qxh1+ {[%clk 1:30:30]} 17. Bxh1 {[%clk 1:30:30]} Ne7 {[%clk 1:30:30]}
18. Bg5 {[%clk 1:30:30]} f6 {[%clk 1:30:30]} 19. Qe3 {[%clk 1:30:30]} Kf7 {[%clk
1:30:30]} 20. Qf3 {[%clk 1:30:30]} c6 {[%clk 1:30:30]} 21. Bd2 {[%clk 1:30:30]}
Bd8 {[%clk 1:30:30]} 22. Bb4 {[%clk 1:30:30]} Re8 {[%clk 1:30:30]} 23. Nf4 {[%clk
1:30:30]} g5 {[%clk 1:30:30]} 24. Nd3 {[%clk 1:30:30]} Ng6 {[%clk 1:30:30]} 25.
Qg3 {[%clk 1:30:30]} Re4 {[%clk 1:30:30]} 26. Bxe4 {[%clk 1:30:30]} dxe4 {[%clk
1:30:30]} 27. Ndc5 {[%clk 1:30:30]} Nf4 {[%clk 1:30:30]} 28. Kd2 {[%clk 1:30:30]}
Bc7 {[%clk 1:30:30]} 29. Nxe4 {[%clk 1:30:30]} Be6 {[%clk 1:30:30]} 30. Bd6
{[%clk 1:30:30]} Ba5+ {[%clk 1:30:30]} 31. c3 {[%clk 1:30:30]} Rd8 {[%clk
1:30:30]} 32. Nac5 {[%clk 1:30:30]} Bc4 {[%clk 1:30:30]} 33. Nb7 {[%clk 1:30:30]}
1-0